00910nam a22002057a 4500003000900000008004100009040007100050082002200121100001900143245010400162260003500266300005600301505022200357650002300579650001300602650002300615650002900638650001100667710002600678AR-CdUCM190307b ||||| |||| 00| 0 spa d aMUNICIPALIDAD PROVINCIAL DEL CUSCOcBIBLIOTECA MUNICIPAL DEL CUSCO a279.85 / C24bC24 aCampos, Javier aCuzco a comienzos del siglo XIX :bIglesia y revolución /cJavier Campos y Fernández de Sevilla aCusco :bSanta Lucía,c2017. a126 páginas ;bilustraciones en color,c20x23 cm. aContenido: Don José Pérez y Armendáriz (1806/1807-1815/1819) -- Centros de enseñanza superior -- La sucesión en la mitra de Cuzco -- Don José Calixto de Orihuela, OSA (1819/1821-1826/1841) -- Apéndice.  aIglesia Católica aHistoria aHistoria del Cusco aHistoria eclesiástica  aPerú aArzobispado del Cusco